Micros "C" - Estadísticas

Estadísticas generales
  • Esta prueba ha sido intentada 8 veces
  • La puntuación promedio es 60 de 78
Estadísticas de respuestas
Respuesta % Correcto
C01
100%
C02
100%
C03
100%
C01c
80%
C02c
80%
C03c
80%
C05
80%
C06
80%
C06c
80%
C07
80%
C09
80%
C09c
80%
C10e
80%
C11
80%
C13
80%
C14
80%
C15
80%
C16
80%
C17
80%
C18
80%
C19
80%
C20
80%
C22
80%
C27
80%
C28
80%
C37
80%
Cerro 18
80%
Cerro 18
80%
Estoril
80%
La Dehesa
80%
Los Trapenses
80%
(M) Escuela Militar
80%
(M) Escuela Militar
80%
(M) Escuela Militar
80%
(M) Escuela Militar
80%
(M) Escuela Militar
80%
(M) Escuela Militar
80%
(M) Escuela Militar
80%
(M) Escuela Militar
80%
(M) Escuela Militar
80%
(M) Escuela Militar
80%
(M) Francisco Bilbao
80%
(M) Francisco Bilbao
80%
(M) Francisco Bilbao
80%
(M) Los Dominicos
80%
(M) Los Dominicos
80%
(M) Los Dominicos
80%
(M) Los Dominicos
80%
(M) Los Dominicos
80%
(M) Tobalaba
80%
(M) Tobalaba
80%
Plaza San Enrique
80%
Rotonda Lo Curro
80%
San Carlos de Apoquindo
80%
San Carlos de Apoquindo
80%
San Carlos de Apoquindo
80%
Tabancura
80%
Valle de la Dehesa
80%
Vital Apoquindo
80%
Vital Apoquindo
80%
Vital Apoquindo
80%
Vital Apoquindo
80%
Vital Apoquindo
80%
Vital Apoquindo
80%
Camino Juan Pablo II
60%
Camino Real
60%
El Huinganal
60%
La Ermita
60%
La Pirámide
60%
Lo Gallo
60%
Los Bravos
60%
(M) Cristobal Colón
60%
(M) Dorsal
60%
Parque Arauco
60%
Parque del Sol
60%
San Ramón Oriente
60%
Ciudad Empresarial
40%
República de Honduras
40%
No se encontraron pruebas coincidentes
Distribución de puntuación
Porcentaje de gente con cada puntuación
Porcentaje por número respondido
Historial de tus puntuaciones
No has intentado esta prueba.